Songs from the First Line(s) - 1980s - Statistics

General Stats
  • This quiz has been taken 396 times
  • The average score is 19 of 40
Answer Stats
Hint Answer % Correct
1982 Rising up, back on the street / Did my time, took my chances / Went the distance, now I'm back on my feet Song Eye of the Tiger
81%
1989 Harry Truman, Doris Day / Red China, Johnnie Ray / South Pacific / Walter Winchell, Joe DiMaggio / Joe McCarthy, Richard Nixon Song We Didn't Start the Fire
79%
1987 Tommy used to work on the docks / Union's been on strike, he's down on his luck / It's tough / So tough Artist(s) Bon Jovi
78%
1985 There comes a time when we heed a certain call / When the world must come together as one / There are people dying Artist(s) USA for Africa
78%
1982 I hear the drums echoing tonight / But she hears only whispers of some quiet conversation / She's comin' in, 12:30 flight Song Africa
77%
1989 Harry Truman, Doris Day / Red China, Johnnie Ray / South Pacific / Walter Winchell, Joe DiMaggio / Joe McCarthy, Richard Nixon Artist(s) Billy Joel
77%
1987 Tommy used to work on the docks / Union's been on strike, he's down on his luck / It's tough / So tough Song Livin' on a Prayer
76%
1983 (Turn around) / Every now and then I get a little bit lonely / And you're never coming 'round / (Turn around) Song Total Eclipse of the Heart
74%
1982 I hear the drums echoing tonight / But she hears only whispers of some quiet conversation / She's comin' in, 12:30 flight Artist(s) Toto
71%
1983 (Turn around) / Every now and then I get a little bit lonely / And you're never coming 'round / (Turn around) Artist(s) Bonnie Tyler
70%
1982 Rising up, back on the street / Did my time, took my chances / Went the distance, now I'm back on my feet Artist(s) Survivor
69%
1988 We're no strangers to love / You know the rules and so do I (Do I) / A full commitment's what I'm thinking of Song Never Gonna Give You Up
68%
1988 We're no strangers to love / You know the rules and so do I (Do I) / A full commitment's what I'm thinking of Artist(s) Rick Astley
68%
1980 There's a party goin' on right here / A celebration to last throughout the years / So bring your good times and your laughter too Song Celebration
63%
1981 Traveling in a fried-out Kombi / On a hippie trail, head full of zombie / I met a strange lady, she made me nervous Song Down Under
58%
1981 Traveling in a fried-out Kombi / On a hippie trail, head full of zombie / I met a strange lady, she made me nervous Artist(s) Men at Work
53%
1980 There's a party goin' on right here / A celebration to last throughout the years / So bring your good times and your laughter too Artist(s) Kool & the Gang
52%
1988 I'm gonna make a change for once in my life / It's gonna feel real good / Gonna make a difference, gonna make it right Artist(s) Michael Jackson
52%
1985 There comes a time when we heed a certain call / When the world must come together as one / There are people dying Song We Are the World
51%
1988 I'm gonna make a change for once in my life / It's gonna feel real good / Gonna make a difference, gonna make it right Song Man in the Mirror
44%
1983 You could never know what it's like / Your blood, like winter, freezes just like ice / And there's a cold, lonely light that shines from you Artist(s) Elton John
41%
1985 I've gotta take a little time / A little time to think things over / I better read between the lines / In case I need it when I'm older Song I Want to Know What Love Is
41%
1984 I feel so unsure / As I take your hand / And lead you to the dance floor / As the music dies / Something in your eyes Song Careless Whisper
39%
1985 I've gotta take a little time / A little time to think things over / I better read between the lines / In case I need it when I'm older Artist(s) Foreigner
38%
1984 I feel so unsure / As I take your hand / And lead you to the dance floor / As the music dies / Something in your eyes Artist(s) Wham!
38%
1983 You could never know what it's like / Your blood, like winter, freezes just like ice / And there's a cold, lonely light that shines from you Song I'm Still Standing
37%
1987 I've never seen you looking so lovely as you did tonight / I've never seen you shine so bright, mhm hm Song The Lady in Red
34%
1980 Some say love, it is a river / That drowns the tender reed / Some say love, it is a razor Song The Rose
32%
1984 I've been alone with you inside my mind / And in my dreams, I've kissed your lips a thousand times Artist(s) Lionel Richie
30%
1984 I've been alone with you inside my mind / And in my dreams, I've kissed your lips a thousand times Song Hello
28%
1986 Watching every motion in my foolish lover's game / On this endless ocean, finally lovers know no shame Song Take My Breath Away
28%
1986 Watching every motion in my foolish lover's game / On this endless ocean, finally lovers know no shame Artist(s) Berlin
26%
1980 Some say love, it is a river / That drowns the tender reed / Some say love, it is a razor Artist(s) Bette Midler
26%
1987 I've never seen you looking so lovely as you did tonight / I've never seen you shine so bright, mhm hm Artist(s) Chris de Burgh
26%
1986 You with the sad eyes / Don't be discouraged / Oh I realize / It's hard to take courage / In a world full of people Song True Colors
25%
1986 You with the sad eyes / Don't be discouraged / Oh I realize / It's hard to take courage / In a world full of people Artist(s) Cyndi Lauper
24%
1989 Lost in a dream / I don't know which way to go / If you are all that you seem / Then baby, I'm movin' (Movin') way too slow Artist(s) Paula Abdul
11%
1989 Lost in a dream / I don't know which way to go / If you are all that you seem / Then baby, I'm movin' (Movin') way too slow Song Straight Up
10%
1981 I'm sayin' all the things that I know you'll like / Makin' good conversation / I gotta handle you just right Artist(s) Olivia Newton-John
7%
1981 I'm sayin' all the things that I know you'll like / Makin' good conversation / I gotta handle you just right Song Physical
7%
No matching quizzes found
Score Distribution
Percent of People with Each Score
Percentile by Number Answered
Your Score History
You have not taken this quiz